北海道(1869年)の11国86郡 - Statistics

General Stats
  • This quiz has been taken 39 times
  • The average score is 48 of 86
Answer Stats
備考 % Correct
石狩国 石狩郡
79%
上川郡
79%
上川郡
79%
上川郡
79%
根室郡 1957年消滅
76%
札幌郡 1996年消滅
72%
天塩郡
72%
中川郡
72%
中川郡
72%
十勝郡
72%
白糠郡
72%
釧路郡
72%
標津郡
72%
瀬棚郡
69%
小樽郡 1940年消滅
69%
様似郡
69%
空知郡
69%
留萌郡
69%
宗谷郡
69%
紋別郡
69%
網走郡
69%
余市郡
66%
静内郡 2006年消滅
66%
北見国 利尻郡
66%
礼文郡
66%
斜里郡
66%
上磯郡
62%
亀田郡
62%
虻田郡
62%
室蘭郡 1918年消滅
62%
新冠郡
62%
三石郡 2006年消滅
62%
浦河郡
62%
天塩国 増毛郡
62%
苫前郡
62%
枝幸郡
62%
厚岸郡
62%
千島国 国後郡
62%
択捉郡
62%
茅部郡
59%
奥尻郡
59%
島牧郡
59%
寿都郡
59%
岩内郡
59%
積丹郡
59%
勇払郡
59%
夕張郡
59%
雨竜郡
59%
常呂郡
59%
河東郡
59%
河西郡
59%
白老郡
55%
十勝国 広尾郡
55%
釧路国 足寄郡
55%
渡島国 爾志郡
52%
千歳郡 1970年消滅
52%
幌泉郡
52%
樺戸郡
52%
野付郡
52%
檜山郡
48%
古平郡
48%
日高国 沙流郡
48%
厚田郡 2005年消滅
48%
阿寒郡
48%
胆振国 山越郡
45%
幌別郡 1970年消滅
45%
浜益郡 2005年消滅
45%
目梨郡
45%
紗那郡
45%
蘂取郡
45%
福島郡 1881年消滅
41%
後志国 久遠郡
41%
古宇郡
41%
磯谷郡
38%
有珠郡
38%
高島郡 1940年消滅
34%
川上郡
34%
歌棄郡 1955年消滅
28%
美国郡 1956年消滅
28%
根室国 花咲郡 1959年消滅
28%
太櫓郡 1955年消滅
24%
津軽郡 1881年消滅
21%
忍路郡 1958年消滅
21%
振別郡 1923年消滅
17%
当縁郡 1906年消滅
14%
網尻郡 1881年消滅
14%
No matching quizzes found
Score Distribution
Percent of People with Each Score
Percentile by Number Answered
Your Score History
You have not taken this quiz